Knallharte populisten, die medien und das zahnlose volk /

Guardat en:
Dades bibliogràfiques
Autor principal: Priester, Karin
Format: Text
Etiquetes: Afegir etiqueta
Sense etiquetes, Sigues el primer a etiquetar aquest registre!

MARC

LEADER 00000 a a2200000 04500
001 47954
003
040
100 |a Priester, Karin  
245 |a Knallharte populisten, die medien und das zahnlose volk /  |c Karin Priester  
773 |g número12, (2014), páginas 39-41  
999 |c 37990  |d 37990